Načítá se...

ഒരുമനശാസ്ത്രജ്ഞന്റെ അനുഭവക്കുറിപ്പുകള്‍

Podrobná bibliografie
Hlavní autoři: എന്‍ എം മുഹമ്മദാലി, N M Muhammadali
Médium: Printed Book
Vydáno: Thiruvananthapuram; Chintha Publishers; 2009
Vydání:1st
Témata:
LEADER 00798nam a22001937a 4500
020 |a 81-262-0212-2 
082 |a 920M  |b MUH/O 
100 |a എന്‍ എം മുഹമ്മദാലി  |9 102580 
100 |a N M Muhammadali  |9 102583 
240 |a Oru Manasasthranjante Anubhavakkurippukal 
245 |a ഒരുമനശാസ്ത്രജ്ഞന്റെ അനുഭവക്കുറിപ്പുകള്‍ 
250 |a 1st 
260 |a Thiruvananthapuram;  |b Chintha Publishers;  |c 2009 
300 |a 304p. 
650 |a മലയാളം; മനശാസ്ത്രം  |9 102586 
650 |a  Malayalam; Psycology  |9 102588 
942 |c BK 
999 |c 77695  |d 77695 
952 |0 0  |1 0  |4 0  |6 920M_MUH_O  |7 0  |9 91124  |a MAL  |b MAL  |d 2017-11-25  |e TE050068  |l 0  |o 920M MUH/O  |p MALTE050068  |r 2017-11-25  |w 2017-11-25  |y BK